| 000 | 00621nam a22001817a 4500 | ||
|---|---|---|---|
| 003 | OSt | ||
| 005 | 20260122071544.0 | ||
| 008 | 260122b |||||||| |||| 00| 0 eng d | ||
| 020 | _a971-685-636-9 | ||
| 040 |
_aDWC-Main Lib _cOC |
||
| 082 | _aFil. 425 P112 2003 | ||
| 100 | _aPablo, E. | ||
| 245 |
_aEnglish plus : _bbasic grammar focusing on communicative functions _cPablo, Eracem A. |
||
| 260 |
_aManila : _b Lorimar Publishing Co., Inc., _cc2003 |
||
| 300 |
_a184 pages ; _c 25 cm. |
||
| 650 | _a1. English language - Grammar. | ||
| 942 |
_2ddc _cBK - FIL _hFil. 425 P112 2003 _kFil. _n0 |
||
| 999 |
_c7723 _d7723 |
||